<?xml version="1.0" encoding="UTF-8"?>
<record
    xmlns:xsi="http://www.w3.org/2001/XMLSchema-instance"
    xsi:schemaLocation="http://www.loc.gov/MARC21/slim http://www.loc.gov/standards/marcxml/schema/MARC21slim.xsd"
    xmlns="http://www.loc.gov/MARC21/slim">

  <leader>00181nam a2200085   4500</leader>
  <controlfield tag="001">1230929</controlfield>
  <controlfield tag="005">20250917105002.0</controlfield>
  <datafield tag="245" ind1=" " ind2=" ">
    <subfield code="a">HEY BEN YANLIK</subfield>
    <subfield code="c">DO&#x11E;UKAN ADAL</subfield>
  </datafield>
  <datafield tag="260" ind1=" " ind2=" ">
    <subfield code="b">YED&#x130;VEREN</subfield>
  </datafield>
  <datafield tag="999" ind1=" " ind2=" ">
    <subfield code="c">1230929</subfield>
    <subfield code="d">1230929</subfield>
  </datafield>
  <datafield tag="952" ind1=" " ind2=" ">
    <subfield code="0">0</subfield>
    <subfield code="1">0</subfield>
    <subfield code="2">ddc</subfield>
    <subfield code="4">0</subfield>
    <subfield code="7">0</subfield>
    <subfield code="a">1087</subfield>
    <subfield code="b">1087</subfield>
    <subfield code="d">2025-09-17</subfield>
    <subfield code="l">1</subfield>
    <subfield code="o">H-3</subfield>
    <subfield code="p">10874696</subfield>
    <subfield code="r">2025-12-30 13:33:57</subfield>
    <subfield code="s">2025-12-29</subfield>
    <subfield code="w">2025-09-17</subfield>
    <subfield code="y">BK</subfield>
  </datafield>
</record>
